[Event "Primorsko op-B"]
[Site "Primorsko"]
[Date "2019.09.16"]
[Round "1"]
[White "Shved, Dmytro"]
[Black "Bochev, Krasimir"]
[Result "1/2-1/2"]
[WhiteElo "1591"]
[BlackElo "2014"]
[PlyCount "49"]
[EventDate "2019.09.16"]
[EventType "swiss"]
[EventRounds "7"]
[EventCountry "BUL"]
[SourceTitle "EXT 2020"]
[Source "ChessBase"]
[SourceDate "2019.10.17"]
[SourceVersion "1"]
[SourceVersionDate "2019.10.17"]
[SourceQuality "1"]

1. e4 c5 2. Nf3 g6 3. d4 Bg7 4. Nc3 cxd4 5. Nxd4 Nc6 6. Be3 Nf6 7. f3 0-0 8. Bc4 Qb6 9. Bb3 Ng4 10. fxg4 Bxd4 11. Bxd4 Qxd4 12. Qxd4 Nxd4 13. 0-0-0 Nc6 14. Nd5 d6 15. h3 Rb8 16. Rhf1 Be6 17. Nc3 a6 18. Bxe6 fxe6 19. a3 Ne5 20. b3 g5 21. Ne2 Rxf1 22. Rxf1 Rf8 23. Rxf8+ Kxf8 24. Kd2 Kf7 25. c4 1/2-1/2

[Event "GER M07-C email"]
[Site "GER email"]
[Date "2018.06.19"]
[Round "?"]
[White "Khanas, Valeriy"]
[Black "Bochev, Krasimir"]
[Result "1/2-1/2"]
[WhiteElo "2401"]
[BlackElo "2443"]
[PlyCount "60"]
[EventDate "2018.??.??"]
[EventType "tourn (corr)"]
[EventRounds "10"]
[EventCountry "GER"]
[SourceTitle "Corr 2020"]
[Source "ChessBase"]
[SourceDate "2019.09.30"]
[SourceVersion "1"]
[SourceVersionDate "2019.09.30"]
[SourceQuality "1"]

1. d4 f5 2. g3 Nf6 3. Bg2 g6 4. Nf3 Bg7 5. 0-0 0-0 6. c4 d6 7. Nc3 c6 8. Rb1 a5 9. Qb3 h6 10. Rd1 Na6 11. a3 Nc7 12. d5 Bd7 13. dxc6 bxc6 14. Qc2 Qe8 15. c5 d5 16. Bf4 Ra7 17. b4 axb4 18. axb4 Ne4 19. Be5 Qf7 20. Ra1 Rfa8 21. Rxa7 Rxa7 22. e3 Be8 23. Rb1 Bf6 24. Ne2 Nb5 25. Qc1 Qg7 26. Bxf6 Qxf6 27. Nfd4 Nxd4 28. Nxd4 e5 29. Ne2 Qe7 30. Ra1 Kf7 1/2-1/2

[Event "GER M07-C email"]
[Site "GER email"]
[Date "2018.06.19"]
[Round "?"]
[White "Schulz, Guenter"]
[Black "Bochev, Krasimir"]
[Result "1/2-1/2"]
[WhiteElo "2411"]
[BlackElo "2443"]
[PlyCount "60"]
[EventDate "2018.??.??"]
[EventType "tourn (corr)"]
[EventRounds "10"]
[EventCountry "GER"]
[SourceTitle "Corr 2020"]
[Source "ChessBase"]
[SourceDate "2019.09.30"]
[SourceVersion "1"]
[SourceVersionDate "2019.09.30"]
[SourceQuality "1"]

1. e4 e5 2. Nf3 Nc6 3. Bb5 a6 4. Ba4 Nf6 5. 0-0 Nxe4 6. d4 b5 7. Bb3 d5 8. dxe5 Be6 9. Nbd2 Nc5 10. c3 Be7 11. Bc2 d4 12. Nb3 d3 13. Nxc5 dxc2 14. Qxd8+ Rxd8 15. Nxe6 fxe6 16. Be3 Rd5 17. Rfc1 Nxe5 18. Nxe5 Rxe5 19. Bd4 Rg5 20. Rxc2 Kf7 21. Be3 Rd5 22. c4 Rd7 23. cxb5 axb5 24. Rac1 Bd6 25. a3 Rc8 26. Kf1 Be5 27. f4 Bf6 28. Ke2 c6 29. g4 g6 30. b3 Ra8 1/2-1/2